1859 1524 1398 1465 1090 1182 1211 1167 1717 1177 1035 1316 1076 1914 1045 1412 1176 1509 1154 1676 1882 1159 1062 1957 1055 1880 1282 1548 1073 1045 1864 1023 1394 1615 1507 1793 1148 1481 1279 1991 1572 1424 1065 1213 1433 1257 1716 1337 1814 1659 1242 1709 1404 1601 1628 1017 1461 1053 1414 1665 1526 1144 1203 1353 1433 1337 1463 1065 1235 1550 1258 1062 1008 1245 1383 1269 1833 1151 1895 1052 1516 1002 1435 1847 1735 1533 1964 1712 1712 1394 1867 1004 1076 1736 1660 1299 1177 1155 1369 BCNSPRNW ULIB Ver.6.0+V

เปลี่ยนเป็นภาษาไทย

Change to English
 แสดงรายละเอียดบรรณานุกรม
  กลับหน้าหลัก

Brief Record : Get Marc (ISO 2709) : E-mail record : QR code < ปิดหน้าต่าง
LEADER : 00000nam 2200000uu 4500
001    13399108793
003     ULIB
008    110315s2545||||th 000 0 tha d
060  4 W76^bพ361ค 2545
100 0  วนิดา อนุญญาภิสิทธ์ และคณะ
245 00 คู่มือการจัดทำแผนกำลังคนด้านสุขภาพระดับจังหวัดประจำปี2546-2549/^cวนิดา อนุญญาภิสิทธ์ และคณะ
260    นนทบุรี:^bสถาบันพระบรมราชชนก,^c2545
300    61 หน้า
650  7 สาธารณสุข^xบุคลากร
710 1  กระทรวงสาธารณสุข^bสถาบันพระบรมราชชนก
945    ^p0^l0^i016612
995    ทศพร
999 ^a ใช้งานได้ทุกระบบ
รายการนี้ยังไม่มีแท็ก
คุณยังไม่ได้ล็อกอิน คุณสามารถมีกิจกรรมร่วมกับเว็บไซต์ได้ แต่ต้องล็อกอินก่อน ::
  ล็อกอิน

รายการสื่อสารสนเทศ

ลำดับที่ ประเภท เลขเรียก/บาร์โค้ด สถานที่ สถานะ
- ไม่พบข้อมูล -

BibComment


ยังไม่เคยถูกคอมเมนท์

คอมเมนท์ทรัพยากรรายการนี้
  คอมเมนท์: คู่มือการจัดทำแผน..


 Copyright 2026. Bcnsprnw @Library